|
|
|
|
| LEADER |
00705cam a2200169 7i4500 |
| 001 |
0000035933 |
| 005 |
20190326090000.0 |
| 007 |
##ta |
| 008 |
190326t2018 2018 my eng |
| 090 |
0 |
0 |
|a M 297.14025
|b MAL
|
| 110 |
1 |
# |
|a Malaysia External Trade Development Corporation (MATRADE)
|
| 245 |
2 |
0 |
|a MIHAS :
|b The 15th Malaysia International Halal Showcase (4 - 7 April 2018 : Malaysia International Trade and Exhibition Centre [ MITEC ] , Kuala Lumpur).
|
| 260 |
0 |
0 |
|a Kuala Lumpur:
|b MATRADE,
|c 2018.
|
| 300 |
# |
# |
|a 344 page.
|
| 650 |
0 |
0 |
|a Halal product --
|x Directories --
|z Malaysia
|
| 650 |
0 |
0 |
|a Product safety (Islamic law) --
|x Directories --
|z Malaysia
|
| 999 |
|
|
|a 0000040198
|b Directories
|c Malaysia
|e Business Information Centre
|